| 000 | 00365cam a2200145ua 4500 | ||
|---|---|---|---|
| 041 |
_aeng _h |
||
| 082 |
_a320.58 _bGAN/CO |
||
| 100 | _aGandhi, M K . | ||
| 245 |
_aCongress and its future / _cM K Gandhi. _hTextual Documents |
||
| 260 |
_aAhmadabad : _bNavajivan publishing house , _c1960. |
||
| 300 | _a48 ; . | ||
| 504 | _a | ||
| 942 | _cBK | ||
| 999 |
_c2332 _d2332 |
||